|
|
|
|
| LEADER |
00980nab a2200217 i 4500 |
| 001 |
misc66193 |
| 005 |
20240522084231.0 |
| 008 |
240209s1984 hu o 000 hun d |
| 040 |
|
|
|a SZTE Miscellanea Repozitórium
|b hun
|
| 041 |
|
|
|a hun
|
| 100 |
1 |
|
|a Torma József
|
| 245 |
1 |
0 |
|a ...él minden jobb magyarnak lelkében...
|h [elektronikus dokumentum] :
|b Kőrösi Csoma Sándor emlékezete /
|c Torma József
|
| 260 |
|
|
|a Délmagyarország
|b Szeged
|c 1984
|
| 300 |
|
|
|a [1] p.
|c 48 cm
|
| 490 |
0 |
|
|a Délmagyarország : független napilap, alapítva 1910-ben;Délmagyarország : független napilap, alapítva 1910-ben
|
| 561 |
|
|
|a Németh Gyula hagyaték
|
| 591 |
|
|
|a NOV 6127; ROV 757
|
| 650 |
|
4 |
|a Bölcsészettudományok
|
| 650 |
|
4 |
|a Nyelvek és irodalom
|
| 695 |
|
|
|a Kőrösi Csoma Sándor, Keletkutatás - magyar - 1819-1842 - életrajz, Nyelvtudomány - magyar - 19. sz. - életrajz
|
| 856 |
4 |
0 |
|u http://misc.bibl.u-szeged.hu/66193/1/6127_nov.pdf
|z Dokumentum-elérés
|